|
|
|
|
| LEADER |
00000nsc a2200000 a 4500 |
| 001 |
29788-2 |
| 005 |
20230308215711.0 |
| 008 |
011032|1998 ||||||||r|||||||||||spa|| |
| 022 |
|
|
|a 13155725
|
| 040 |
|
|
|b spa
|
| 041 |
1 |
|
|a spa
|
| 082 |
0 |
|
|a 617.605
|
| 245 |
|
|
|b Resistencia de cementos de vidrio ionómero fotocurados modificados con resina
|c Ronald E. Kerby
|h imp
|
| 264 |
|
|
|a Caracas
|b Actualidades Médico Odontológicas Latinoamérica
|c 1998-1999
|
| 300 |
|
|
|a pp 30-35
|b ilu
|c 33 cm
|
| 310 |
|
|
|a Bimestral
|
| 362 |
|
|
|a Año 14 N° 2 1998/1999
|
| 504 |
|
|
|a incl. ref.
|
| 520 |
3 |
|
|a La resistencia de varias marcas de cementos de vidrio ionómero fotocurados modificados en resina, depende mucho de las condiciones de curado y de su composición química
|
| 650 |
|
|
|a Cementos de vidrio
|9 303068
|
| 650 |
|
|
|a Resina compuesta
|9 91926
|
| 650 |
|
|
|a Materiales dentales
|9 89345
|
| 700 |
|
|
|a Kerby, Ronald E
|9 303164
|
| 700 |
|
|
|a Knobloch, Lisa
|9 303165
|
| 700 |
|
|
|a Thakur, Alka
|9 303166
|
| 710 |
|
|
|a Actualidades Médico Odontológicas Latinoamérica
|9 191073
|
| 773 |
|
|
|t Journal de Clínica en Odontología
|
| 852 |
|
|
|a UC-SALUD
|c ESTANTERIA ABIERTA
|f Compra
|k luis.contrerase
|l 1
|m General
|p 20110329
|q $ 90
|r 1
|t 29788-2
|b 0
|d CDRS
|e CDRS
|g 617.605 ESTANTERIA ABIERTA
|z 2011-10-32
|
| 942 |
|
|
|
| 999 |
|
|
|c 131714
|d 131714
|